000 01440naa a22005050a 4500
001 UByD000819
003 AR-LpoUNG
005 20240215173915.0
008 220804s2021||||ag |||||||||||||||||spa d
020 _a9789876305815
040 _aAR-LpoUNG
_bspa
_eaacr
041 _aspa
044 _aag
082 0 _a331.1 336pla
100 1 _aBatisttini, Osvaldo
_ecoord.
245 1 0 _aPlataformas de empleo y transformaciones del mundo del trabajo en un contexto de pandemia
250 _a1ra. ed.
260 _aBuenos Aires :
_bUniversidad Nacional de General Sarmiento,
_c2021.
300 _a100 p.
490 _aCuestiones metropolitanas ;
_vno. 33
650 4 _aARGENTINA
650 4 _aECONOMIA DEL TRABAJO
650 4 _aCAMBIO SOCIAL
650 4 _aCAMBIO TECNOLOGICO
650 4 _a INNOVACIONES
650 4 _aNUEVA TECNOLOGIA
650 4 _aPRODUCTOS NUEVOS
650 4 _aESTUDIOS DE CASOS
650 4 _aMERCADO DE TRABAJO
650 4 _aCONDICIONES DE TRABAJO
650 4 _aPOLITICA LABORAL
650 4 _aSALARIOS
650 4 _aTRABAJADORES
650 4 _aTRABAJADORAS
653 0 _aPANDEMIA
653 0 _aCOVID-19
700 1 _aCarmona, Rodrigo
_ecoord.
700 1 _aMíguez, Pablo
700 1 _aCouto, Bárbara
700 1 _aFilipetto, Sonia
700 1 _aIren, Andrea
856 _uhttps://repositorio.ungs.edu.ar/handle/UNGS/918
_yTexto completo
905 _a40637
942 _cLIB
_2ddc
999 _c63506
_d63506